Statistics for Gamer Quiz

Click here to take the quiz!

General Stats

  • This quiz has been taken 213 times
  • The average score is 2 of 5

Answer Stats

QuestionAnswer% Correct
What do E P I C gamers eat and drink?Doritos and Mountain Dew
73%
Which is an E P I C gamer?PewDiePie
42%
Which of these E P I C games are the hardest?Minecraft
23%
Which game is E P I C ?Terrearia
20%
Who am I?Piece of Paper
13%

Score Distribution

Percentile by Number Answered

Percent of People with Each Score

Your Score History

You have not taken this quiz